Score 0/53 Timer 07:00
1 Play Today
% Correct
Beavis
96.7%
Sex
95.2%
Two
95%
The Scooby
94.8%
Beauty
94.2%
Starsky
93.5%
The Young
92.7%
Parks
92.7%
Law
92.5%
Freaks
91.5%
16
90.7%
Toddlers
89%
The Bold
88.7%
17 Kids
88.3%
The Sonny
88.3%
The Ren
88.1%
Mork
88%
Phineas
86.9%
Pinky
86%
Diners, Drive-ins
84.5%
Sanford
84.5%
Sons
84.2%
The Abbott
84%
All Creatures Great
83.5%
Brothers
83.1%
The Suite Life of Zack
82.8%
My Wife
81.4%
% Correct
Now
77.9%
Captain Planet
76.7%
He-Man
76.5%
The George Burns
75.2%
Once
71.2%
Beauty
69.3%
Live! With Kelly
69.2%
Harry
68.4%
Cow
67.5%
Home
65.4%
Slings
64.2%
Jake
60.2%
Spartacus: Blood
59.2%
Chico
53.9%
Hardcastle
53.4%
B.J.
51.6%
Scarecrow
51.2%
Only Fools
44.7%
Max
40.5%
Jeeves
36.6%
Ben
32.1%
Katts
30.7%
A Bit of Fry
29.7%
French
25.3%
Mr. Show with Bob
24.4%
Charlie
20.6%
Remove Ads.
Support Sporcle.
Get the best of Sporcle when you Go Orange. This ad-free experience offers more features, more stats, and more fun while also helping to support Sporcle. Thank you for becoming a member.

You're not logged in!

Compare scores with friends on all Sporcle quizzes.
OR
Log In

Show Comments

Extras

Top Quizzes Today


Score Distribution

Your Account Isn't Verified!

In order to create a playlist on Sporcle, you need to verify the email address you used during registration. Go to your Sporcle Settings to finish the process.

Report this User

Report this user for behavior that violates our Community Guidelines.

Details: